リズム天国のリズムゲーム - Statistics

General Stats
  • This quiz has been taken 42 times
  • The average score is 51 of 157
Answer Stats
種類 GBA DS Wii 3DS Answer % Correct
ベーシック 1-1 1-18-1 カラテ家
87%
ベーシック 6-4 カラテ家キック
87%
ベーシック 7-4 カラテ家コンボ
87%
ベーシック 1-1 組み立て
77%
ベーシック 3-2 組み立て
77%
ベーシック 1-3 1-28-2 ロボット工場・オイル
71%
ベーシック 6-2 16-1 ウラオモテ
71%
ベーシック 1-2 ロボット工場・ネジ
71%
ベーシック 3-3 1-38-3 バドミントン
68%
ベーシック 2-1 5-212-2 ピンポン
65%
ベーシック 4-1 15-1 しゅぎょう
65%
ベーシック 1-3 15-3 シーソー
65%
エンドレス しゅぎょう
65%
ベーシック 1-4 11-2 アイドル
61%
ベーシック 1-1 7-3 ホールインワン
61%
ベーシック 4-1 13-3 レスラー会見
61%
ベーシック 4-2 しわけ
61%
ベーシック 2-4 さる時計
58%
ベーシック 1-2 2-29-2 コーラスメン
55%
ベーシック 2-1 くしざし
55%
ベーシック 2-2 タンバリン
55%
ベーシック 2-2 3-210-2 シューティング
52%
ベーシック 3-3 14-1 カメラマン
52%
ベーシック 4-4 恋の実験室
52%
ベーシック 2-3 重役会議
52%
ベーシック 6-2 コンコンズ
52%
エンドレス シューティング
52%
エンドレス シューティング
52%
ベーシック 2-3 6-2 ブルーバーズ
48%
ベーシック 6-1 リフティング
48%
ベーシック 3-1 11-3 はたらくまんじゅう
48%
ベーシック 4-4 悪霊退散
48%
ベーシック 6-3 ボッサレシーブ
48%
ベーシック 7-2 エビおんど
48%
ベーシック 7-3 16-3 図書ガールズ
48%
エンドレス ボッサレシーブ
48%
ベーシック 4-2 ナイトウォーク
45%
ベーシック 2-4 モアイソング
45%
ベーシック 3-4 ボックスショー
45%
ベーシック 6-3 ロッカー
45%
ベーシック 5-4 6-3 鳥の大群
45%
ベーシック ED ナイトウォーク
45%
テクニカル 7-1 組み立て2
45%
テクニカル 8-1 ピンポン2
45%
テクニカル 8-3 組み立て2
45%
ベーシック 6-4 だいスキRAP
45%
ベーシック 4-1 クイズ
42%
ベーシック 5-1 シンクロ
42%
ベーシック 5-3 7-2 犬忍者
42%
ベーシック 5-4 13-2 ケロケロダンス
42%
ベーシック 3-4 2-39-3 マッスル人形
42%
ベーシック 4-3 3-310-3 小さないきもの
42%
ベーシック 7-1 タップスター
42%
エンドレス 第1の門 コイントス
42%
テクニカル 7-1 カラテ家2
42%
テクニカル 9-2 カラテ家2
42%
テクニカル 10-4 カラテ家2
42%
ベーシック 1-4 Wデート
42%
ベーシック 1-2 2-19-1 リズム脱毛
39%
ベーシック 1-5 3-110-1 パチパチ三人衆
39%
ベーシック 2-1 5-112-1 しろいおばけ
39%
ベーシック 5-2 14-1 忍者
39%
ベーシック 3-2 ドッスン農園
39%
ベーシック 5-3 4-3 バッティングショー
39%
ベーシック 2-49-4 フルーツバスケット
39%
テクニカル 7-4 アイドル2
39%
ベーシック 2-2 ゐあひぎり
35%
ベーシック 4-3 応援団
35%
ベーシック 6-1 14-3 ロケットゼロ
35%
テクニカル 9-3 ホールインワン2
35%
ベーシック 1-3 15-1 マーチャ
32%
ベーシック 4-3 6-1 リズムおしゅうじ
32%
ベーシック 4-4 ポリリズム
32%
ベーシック 3-1 ラブコール
32%
ベーシック 5-1 さかな釣り
32%
テクニカル 9-2 古書ガールズ
32%
テクニカル 10-1 シューティング2
32%
テクニカル 10-4 ロッカー2
32%
テクニカル 8-2 はたらくまんじゅう2
32%
テクニカル 10-3 しわけ2
32%
ベーシック 4-2 DJスクール
32%
ベーシック 5-1 ホッピングロード
29%
ベーシック 5-4 花火
29%
ベーシック 5-2 ショートライブ
29%
ベーシック 5-2 5-312-3 コロコロたんけん隊
29%
ベーシック 3-3 4-1 ウサギとび
26%
ベーシック ED 4-2 エアーボーダー
26%
ベーシック 1-48-4 階段キャッチ
26%
ベーシック 4-4 カメレオン
26%
テクニカル 9-1 モアイソング2
26%
テクニカル 9-3 コーラスメン2
26%
テクニカル 10-2 シンクロ2
26%
テクニカル 10-3 しゅぎょう2
26%
テクニカル 8-4 Wデート2
26%
ベーシック 3-5 16-1 スペースダンス
23%
ベーシック 5-5 13-1 タップダンズ
23%
ベーシック 5-412-4 マキネコ
23%
ベーシック 6-4 ゐあひ斬り伝説
23%
テクニカル 6-3 コスモダンス
23%
エンドレス バー
23%
テクニカル 7-3 ケロケロダンス2
23%
テクニカル 8-3 ブルーバーズ2
23%
テクニカル 8-4 ウラオモテ2
23%
テクニカル 9-4 リフティング2
23%
テクニカル 9-1 だいスキRAP2
23%
ベーシック 2-4 バイキンはかせ
19%
ベーシック 3-410-4 通訳者
19%
ベーシック 15-4 失恋ベアー
19%
テクニカル 19-4 カラテ家の父
19%
エンドレス まんざい
19%
エンドレス しらはドール
19%
テクニカル 7-2 リズム脱毛2
19%
テクニカル 7-4 ナイトウォーク2
19%
テクニカル 8-1 悪霊退散2
19%
テクニカル 10-1 マッスル人形2
19%
テクニカル 10-2 小さないきもの2
19%
エンドレス 第2の門 バイキンはかせSP
19%
ベーシック 3-1 まほうつかい
16%
テクニカル 6-1 バリバリ三人衆
16%
テクニカル 7-5 マーチャ2
16%
テクニカル 7-2 ボックスショー2
16%
テクニカル 9-4 第2ロボット工場
16%
ベーシック 1-4 7-1 エアーバッター
13%
ベーシック 2-3 11-1 こっそりラット
13%
ベーシック 3-2 ショータイム
13%
ベーシック 3-4 トランとポリン
13%
ベーシック 4-5 ラップメン
13%
ベーシック 7-4 ごっつぁん兄弟
13%
ベーシック 11-4 空中ブランコリン
13%
ベーシック 14-4 パジャマズ
13%
エンドレス カンフーボール
13%
テクニカル 8-3 ポリリズム2
13%
テクニカル 8-5 しろいおばけ2
13%
ベーシック 2-5 ザ・ぼんおどり
10%
ベーシック 5-3 トスボーイズ
10%
ベーシック 13-4 ダンスホール
10%
テクニカル 6-2 ボンダンス
10%
エンドレス ウラおとこ
10%
エンドレス トンネル
10%
エンドレス 第3の門 チキンレース
10%
テクニカル 6-4 ラップウィメン
6%
テクニカル 6-5 スーパータップダンズ
6%
テクニカル 7-3 忍者の子孫
6%
エンドレス マネキン工場
6%
エンドレス ゐあひ斬り外伝
6%
エンドレス リズムーブ
6%
テクニカル 8-1 ホッピングロード2
6%
テクニカル 8-2 ロボット第2工場
6%
テクニカル 17-4 ジャングルブランコリン
3%
エンドレス クイズ スペシャル
3%
エンドレス ボート
3%
エンドレス 押忍!15もち
3%
テクニカル 8-2 トスボーイズ2
3%
テクニカル 8-4 エアーバッター2
3%
ベーシック 16-4 てってってバンバン
0%
テクニカル 18-4 ゐあひ斬り伝説Ⅱ
0%
エンドレス めざましがかり
0%
No matching quizzes found
Score Distribution
Percent of People with Each Score
Percentile by Number Answered
Your Score History
You have not taken this quiz